[Event "Tournoi francophone 016 Groupe G"]
[Site "Skype"]
[Date "????.??.??"]
[Round "6.4"]
[White "Abate, Luigi"]
[Black "Ortis, Yves"]
[Result "1-0"]
[WhiteElo "1156"]
[BlackElo "1182"]
[PlyCount "127"]

1. e4 e5 2. Nf3 Nc6 3. Bb5 Nd4 4. Nxd4 exd4 5. d3 a6 6. Bc4 Bb4+ 7. Bd2 Qe7 8.
a3 Bc5 9. O-O h6 10. Bf4 d6 11. Nd2 Nf6 12. Re1 Ng4 13. h3 Nf6 14. e5 O-O 15.
exf6 Qxf6 16. Bg3 b5 17. Bd5 Ra7 18. Ne4 Qf5 19. Nxc5 dxc5 20. Re5 Qf6 21. Qe2
Be6 22. Bxe6 fxe6 23. Rxe6 Qf7 24. Re7 Qg6 25. Qg4 Qxg4 26. hxg4 Raa8 27. Rae1
Kh7 28. R1e6 Rfd8 29. Be5 Rg8 30. Bf4 Rgf8 31. Bxh6 Rg8 32. f4 Kh8 33. Bg5 Rad8
34. Rxc7 Rge8 35. Be7 Rc8 36. Ra7 Ra8 37. Bxc5 Rxe6 38. Rxa8+ Kh7 39. g5 Kg6
40. g3 Kf5 41. Rh8 Re1+ 42. Kg2 Re2+ 43. Kf3 Re3+ 44. Kf2 Kg4 45. Rh4+ Kf5 46.
Bxd4 Re7 47. Kf3 Kg6 48. g4 Kf7 49. f5 Rd7 50. c3 Kg8 51. f6 g6 52. Kf4 a5 53.
b4 axb4 54. axb4 Rd8 55. Ke5 Re8+ 56. Kd5 Rd8+ 57. Ke6 Re8+ 58. Kd7 Re1 59. Rh3
Ra1 60. Re3 Rh1 61. Re7 Rh7 62. Rxh7 Kxh7 63. Ke7 Kg8 64. f7+ 1-0

[Event "Tournoi francophone 016 Groupe G"]
[Site "Skype"]
[Date "????.??.??"]
[Round "6.5"]
[White "Rodriguez Tovar, Liliana"]
[Black "Esformes, Jacques"]
[Result "1-0"]
[WhiteElo "1141"]
[BlackElo "1058"]
[PlyCount "125"]

1. d4 d5 2. Nf3 f6 3. e3 a6 4. Bd3 Be6 5. O-O g6 6. e4 dxe4 7. Bxe4 c6 8. Re1
Bd5 9. Nbd2 Bg7 10. c4 Bxe4 11. Nxe4 Nd7 12. Nc3 Nh6 13. Bf4 O-O 14. d5 Re8 15.
dxc6 bxc6 16. Qa4 Qc8 17. Rad1 g5 18. Bg3 Nc5 19. Qb4 Ne6 20. Nd4 c5 21. Qb6
Nxd4 22. Nd5 Rb8 23. Bxb8 Nc2 24. Nxe7+ Kf7 25. Nxc8 Nxe1 26. Rd7+ Kg6 27. Ne7+
Kf7 28. Bd6 Bf8 29. Nf5+ Kg6 30. Nxh6 Bxh6 31. Qxc5 Nd3 32. Qe3 Rxe3 33. fxe3
Nxb2 34. c5 Nc4 35. c6 Nb6 36. g4 Bg7 37. e4 h5 38. h3 Kh7 39. Rb7 Nc8 40. Be7
Kg8 41. Rb8 Kf7 42. Bc5 Bf8 43. Bxf8 Kxf8 44. Rxc8+ Ke7 45. Ra8 Kd6 46. Rxa6
Kc7 47. a4 hxg4 48. hxg4 Kd6 49. c7+ Kxc7 50. Rxf6 Kb7 51. e5 Kc7 52. a5 Kd7
53. a6 Kc8 54. Rd6 Kb8 55. e6 Kc8 56. e7 Kc7 57. Rd5 Kb6 58. e8=Q Kxa6 59. Qc6+
Ka7 60. Qc5+ Kb7 61. Qb5+ Kc7 62. Rd7+ Kc8 63. Qb7# 1-0

[Event "Tournoi francophone 016 Groupe G"]
[Site "Skype"]
[Date "????.??.??"]
[Round "7.1"]
[White "Esformes, Jacques"]
[Black "Tolaro, Filippa"]
[Result "*"]
[WhiteElo "1058"]
[BlackElo "1085"]
[PlyCount "52"]

1. e4 c6 2. e5 d5 3. d4 Bf5 4. Bd3 Bxd3 5. cxd3 e6 6. a3 c5 7. Ne2 Nc6 8. Be3
Qb6 9. Qc2 cxd4 10. Bd2 Nxe5 11. h3 Bd6 12. Bf4 Nf6 13. f3 O-O 14. O-O Ng6 15.
Bxd6 Qxd6 16. Qd1 Rac8 17. Qe1 Nh5 18. g4 Nhf4 19. Nxf4 Nxf4 20. Qg3 Rc2 21. a4
Ne2+ 22. Kg2 Nxg3+ 23. Rf2 Rc1 24. b4 Nh1 25. Rf1 Qg3+ 26. Kxh1 Rxf1# *

[Event "Tournoi francophone 016 Groupe G"]
[Site "Skype"]
[Date "????.??.??"]
[Round "7.2"]
[White "Ortis, Yves"]
[Black "Rodriguez Tovar, Liliana"]
[Result "1-0"]
[WhiteElo "1182"]
[BlackElo "1141"]
[PlyCount "53"]

1. e4 e6 2. Ne2 d5 3. Nbc3 dxe4 4. Nxe4 Nf6 5. N4g3 c5 6. d3 Nc6 7. Bd2 Bd7 8.
c3 Be7 9. Qb3 Qc7 10. d4 Na5 11. Qc2 O-O 12. Ne4 b6 13. N2g3 cxd4 14. Bf4 Qc6
15. Bd3 dxc3 16. Nxc3 Qxg2 17. O-O-O Rfd8 18. Be4 Nxe4 19. Ncxe4 Rac8 20. Bc7
Qh3 21. Kb1 f5 22. Nd6 Bxd6 23. Rxd6 f4 24. Ne4 e5 25. Ng5 Qh5 26. h4 Qg6 27.
Rxg6 1-0

[Event "Tournoi francophone 016 Groupe G"]
[Site "Skype"]
[Date "????.??.??"]
[Round "7.3"]
[White "Dhenain, Sebastien"]
[Black "Abate, Luigi"]
[Result "1-0"]
[WhiteElo "1076"]
[BlackElo "1156"]
[PlyCount "55"]

1. e4 e5 2. Nf3 Nc6 3. d4 d6 4. dxe5 Bg4 5. Be2 Nf6 6. exf6 Qxf6 7. O-O O-O-O
8. Bg5 Qe6 9. Bxd8 Nxd8 10. h3 Bh5 11. Ng5 Qe5 12. Bxh5 Qxg5 13. Qg4+ Ne6 14.
Qxg5 Nxg5 15. Bg4+ Kb8 16. Nc3 Be7 17. Nd5 Bd8 18. Nc3 h5 19. Be2 g6 20. Bd3
Re8 21. h4 Ne6 22. Bc4 Nd4 23. Nb5 Nxc2 24. Rac1 Rxe4 25. Rxc2 Rf4 26. Rd1 Bxh4
27. g3 Be7 28. gxf4 1-0

[Event "Tournoi francophone 016 Groupe G"]
[Site "Skype"]
[Date "????.??.??"]
[Round "7.4"]
[White "Montilla Bejarano, Carmen"]
[Black "Colangelo, Michele"]
[Result "1-0"]
[WhiteElo "1106"]
[BlackElo "1105"]
[PlyCount "21"]

1. d4 d5 2. Nf3 Bf5 3. c4 e6 4. Qb3 b6 5. c5 Nc6 6. Qb5 Qd7 7. Nc3 a6 8. Qa4
Nf6 9. Bf4 Be7 10. Nb5 O-O 11. Nxc7 1-0

[Event "Tournoi francophone 016 Groupe G"]
[Site "Skype"]
[Date "????.??.??"]
[Round "7.5"]
[White "Maccaferri, Massimo"]
[Black "Rodriguez, Nathalie"]
[Result "1-0"]
[WhiteElo "1074"]
[BlackElo "1123"]
[PlyCount "83"]

1. e4 c5 2. g4 e5 3. Nc3 Nc6 4. d3 Be7 5. Be2 d6 6. Be3 h6 7. Nf3 Nf6 8. g5
hxg5 9. Bxg5 Be6 10. Rg1 Ng4 11. Bxe7 Qxe7 12. h4 O-O-O 13. Ng5 Bd7 14. Bxg4
Bxg4 15. Qxg4+ Rd7 16. Nd5 Qd8 17. Nxf7 Rf8 18. Nxd8 Rfxd8 19. h5 Nd4 20. Kd2
Rf8 21. Ne7+ Kc7 22. Raf1 Nf3+ 23. Ke3 Nxg1 24. Qxg1 Rxe7 25. Qg5 Ref7 26. Qh4
Rf3+ 27. Ke2 R3f4 28. Qg3 b6 29. Qxg7+ R8f7 30. Qg3 Rf3 31. Qg2 R3f4 32. h6 Rh7
33. Rh1 Rf6 34. Qg5 Rff7 35. Qg2 Kc6 36. Rg1 Rxh6 37. Qg8 Rhf6 38. Rg2 Rf4 39.
Qc8+ Kb5 40. c4+ Kb4 41. Qa6 Rh7 42. Qb5# 1-0

[Event "Tournoi francophone 016 Groupe G"]
[Site "Skype"]
[Date "????.??.??"]
[Round "8.1"]
[White "Tolaro, Filippa"]
[Black "Rodriguez, Nathalie"]
[Result "0-1"]
[WhiteElo "1085"]
[BlackElo "1123"]
[PlyCount "82"]

1. Nf3 d5 2. d4 Nf6 3. e3 Bf5 4. b3 e6 5. Bb2 c5 6. Nbd2 Nc6 7. Be2 cxd4 8.
exd4 Be7 9. O-O h6 10. a3 O-O 11. Ne5 Nxe5 12. dxe5 Nd7 13. c4 dxc4 14. Bxc4
Rc8 15. Nf3 Nb6 16. Rc1 Qxd1 17. Rfxd1 Rfd8 18. Rxd8+ Rxd8 19. h3 Nxc4 20. bxc4
Rc8 21. Nd2 Bg5 22. Rd1 Bxd2 23. Rxd2 Rxc4 24. Rd7 Be4 25. f3 Bc6 26. Rd8+ Kh7
27. Kh2 Rc2 28. Bd4 Rd2 29. Kg3 g5 30. h4 gxh4+ 31. Kxh4 Rxg2 32. Kh3 Bxf3 33.
Rf8 Kg7 34. Rc8 h5 35. Bc5 b6 36. Bf8+ Kg6 37. Rc3 Bd5 38. a4 Kf5 39. Bd6 Kf4
40. Rc8 Rg1 41. Kh2 Rh1# 0-1

[Event "Tournoi francophone 016 Groupe G"]
[Site "Skype"]
[Date "????.??.??"]
[Round "8.2"]
[White "Colangelo, Michele"]
[Black "Maccaferri, Massimo"]
[Result "1-0"]
[WhiteElo "1105"]
[BlackElo "1074"]
[PlyCount "87"]

1. e4 e5 2. Nf3 Nc6 3. Bb5 a6 4. Ba4 g5 5. d3 g4 6. Ng1 Qh4 7. Ne2 Bc5 8. Ng3
d6 9. Bxc6+ bxc6 10. Nc3 f5 11. exf5 Bxf5 12. Na4 Bd4 13. Nc3 O-O-O 14. Be3
Bxe3 15. fxe3 Re8 16. O-O Bg6 17. e4 Nf6 18. Nf5 Bh5 19. Nxh4 g3 20. Ne2 Rhg8
21. Rxf6 Rg4 22. Nf3 Reg8 23. Rf8+ Rxf8 24. Nxg3 Bf7 25. Nxe5 Rf4 26. Nxc6 Kb7
27. Ne5 dxe5 28. Qe2 h5 29. Nxh5 Rh4 30. Ng3 Rfh8 31. h3 Be6 32. Rd1 Bxh3 33.
gxh3 Rxh3 34. Nf5 Rh1+ 35. Kg2 R1h2+ 36. Kf1 Rxe2 37. Kxe2 Rh2+ 38. Kf3 Rh3+
39. Kg4 Rh2 40. d4 exd4 41. Rxd4 Rxc2 42. Rb4+ Kc6 43. Nd4+ Kc5 44. Nxc2 1-0

[Event "Tournoi francophone 016 Groupe G"]
[Site "Skype"]
[Date "????.??.??"]
[Round "8.3"]
[White "Abate, Luigi"]
[Black "Montilla Bejarano, Carmen"]
[Result "1-0"]
[WhiteElo "1156"]
[BlackElo "1106"]
[PlyCount "59"]

1. e4 d5 2. exd5 Qxd5 3. Nc3 Qa5 4. Nf3 Bf5 5. Bc4 h6 6. a3 e6 7. O-O g5 8. Re1
c5 9. d4 Nd7 10. d5 O-O-O 11. Nd4 cxd4 12. Qxd4 e5 13. Qd1 Qc7 14. Bd3 Bh7 15.
Nb5 Qb6 16. Be3 Bc5 17. d6 a6 18. Nc3 Qxd6 19. b4 Bb6 20. Na4 Bxe3 21. Rxe3 Qd4
22. h3 Qf4 23. Qd2 e4 24. Bc4 Nb6 25. Qe2 Nxa4 26. Rxe4 Bxe4 27. Bxf7 Qd6 28.
Qxe4 Qd1+ 29. Rxd1 Rxd1+ 30. Kh2 1-0

[Event "Tournoi francophone 016 Groupe G"]
[Site "Skype"]
[Date "????.??.??"]
[Round "8.4"]
[White "Rodriguez Tovar, Liliana"]
[Black "Dhenain, Sebastien"]
[Result "1-0"]
[WhiteElo "1141"]
[BlackElo "1076"]
[PlyCount "53"]

1. d4 d5 2. Nf3 Nf6 3. e3 Nc6 4. c3 Bg4 5. h3 Bh5 6. Bd3 e6 7. Nbd2 Bd6 8. Qe2
Ne4 9. Nxe4 dxe4 10. Bxe4 e5 11. g4 Bxg4 12. hxg4 exd4 13. exd4 O-O 14. Bxh7+
Kh8 15. Bc2+ Kg8 16. Be3 Re8 17. O-O-O Bf4 18. Nh4 Bg5 19. Nf5 g6 20. Nh6+ Kg7
21. Nxf7 Kxf7 22. Rh7+ Kg8 23. Bxg6 Bxe3+ 24. fxe3 Re6 25. Qc4 Qg5 26. Qxe6+
Kf8 27. Qf7# 1-0

[Event "Tournoi francophone 016 Groupe G"]
[Site "Skype"]
[Date "????.??.??"]
[Round "8.5"]
[White "Esformes, Jacques"]
[Black "Ortis, Yves"]
[Result "0-1"]
[WhiteElo "1058"]
[BlackElo "1182"]
[PlyCount "72"]

1. d4 d5 2. Bf4 Bf5 3. Nd2 g6 4. f3 Bg7 5. g4 Bxg4 6. fxg4 Bxd4 7. Ngf3 Bxb2 8.
Rb1 Bc3 9. e3 Nf6 10. h3 Ne4 11. Rb3 Qd7 12. Bd3 Bxd2+ 13. Nxd2 Nc5 14. Bb5 c6
15. Be2 Nxb3 16. axb3 c5 17. Nf3 Nc6 18. c4 e6 19. Ne5 Qe7 20. Nxc6 bxc6 21.
O-O Rd8 22. Qc2 h5 23. g5 e5 24. Bg3 Qxg5 25. Kf2 h4 26. Rg1 hxg3+ 27. Rxg3
Qf6+ 28. Kg1 Qh4 29. Kg2 e4 30. Rg4 Qxh3+ 31. Kf2 Rd6 32. Rg3 Rf6+ 33. Bf3 Qh2+
34. Rg2 Qh4+ 35. Rg3 Rxf3+ 36. Kg2 Qxg3# 0-1

[Event "Tournoi francophone 016 Groupe G"]
[Site "Skype"]
[Date "????.??.??"]
[Round "9.1"]
[White "Ortis, Yves"]
[Black "Tolaro, Filippa"]
[Result "0-1"]
[WhiteElo "1182"]
[BlackElo "1085"]
[PlyCount "80"]

1. e4 c6 2. Nf3 d5 3. Bd3 dxe4 4. Bxe4 Nf6 5. Bd3 Bg4 6. Be2 e6 7. d4 Bd6 8.
Qd3 Bf5 9. Qb3 Qb6 10. Qc3 Bb4 11. O-O Bxc3 12. Nxc3 Bxc2 13. b3 O-O 14. Bd2
Nbd7 15. Na4 Qc7 16. Nc3 b6 17. h3 Ne4 18. Rac1 Nxd2 19. Nxd2 Bg6 20. d5 exd5
21. Nxd5 Qe5 22. Ne3 Rac8 23. Ndc4 Qg5 24. Bg4 Nf6 25. Bxc8 Rxc8 26. Nd6 Rc7
27. Rfd1 Ne4 28. Nxe4 Bxe4 29. Ng4 h6 30. f3 Bd5 31. Re1 Rc8 32. Rcd1 h5 33.
Nf2 Bxf3 34. Ng4 Bxd1 35. Rxd1 hxg4 36. hxg4 Qxg4 37. Rd3 Re8 38. Kf1 Qf5+ 39.
Rf3 Qb1+ 40. Kf2 Qe1# 0-1

[Event "Tournoi francophone 016 Groupe G"]
[Site "Skype"]
[Date "????.??.??"]
[Round "9.2"]
[White "Dhenain, Sebastien"]
[Black "Esformes, Jacques"]
[Result "1-0"]
[WhiteElo "1076"]
[BlackElo "1058"]
[PlyCount "113"]

1. e4 c6 2. d4 d5 3. exd5 cxd5 4. c4 Nf6 5. cxd5 Nxd5 6. Bd2 e6 7. Nc3 Bd6 8.
Nxd5 exd5 9. Nf3 Qf6 10. Bg5 Qg6 11. Bb5+ Bd7 12. Qe2+ Kf8 13. O-O h6 14. Bh4
Nc6 15. Rfe1 Re8 16. Qd1 Kg8 17. Rxe8+ Bxe8 18. Qe1 f6 19. Rd1 Bf7 20. Bd3 Qh5
21. Be2 Be6 22. g3 Qe8 23. Bb5 Qc8 24. Rc1 Bd7 25. Bxc6 bxc6 26. Qa5 a6 27. Qb6
Kh7 28. Qb3 Be6 29. Qc2+ g6 30. Bxf6 Rf8 31. Qxc6 Rxf6 32. Qxc8 Bxc8 33. Rxc8
Rxf3 34. Kg2 Rd3 35. Rd8 Bf4 36. gxf4 Rxd4 37. Rd7+ Kg8 38. Rd6 Rxf4 39. Rxg6+
Kh7 40. Rd6 d4 41. Rxa6 d3 42. Rd6 Rb4 43. b3 Rb6 44. Rxb6 d2 45. Rd6 d1=Q 46.
Rxd1 Kg8 47. Rd7 Kf8 48. Rh7 Ke8 49. Rxh6 Kd7 50. h4 Ke7 51. h5 Kf7 52. Ra6 Kg7
53. h6+ Kh7 54. f4 Kh8 55. Ra7 Kg8 56. f5 Kf8 57. h7 1-0

[Event "Tournoi francophone 016 Groupe G"]
[Site "Skype"]
[Date "????.??.??"]
[Round "9.3"]
[White "Montilla Bejarano, Carmen"]
[Black "Rodriguez Tovar, Liliana"]
[Result "1-0"]
[WhiteElo "1106"]
[BlackElo "1141"]
[PlyCount "41"]

1. e4 e6 2. Nf3 d5 3. e5 Ne7 4. d4 Nf5 5. g3 Bd7 6. c3 c5 7. Nbd2 Nc6 8. Be2
cxd4 9. cxd4 Ncxd4 10. Nxd4 Nxd4 11. Bd3 Rc8 12. O-O Bb5 13. Nb3 Nxb3 14. Bxb5+
Ke7 15. Qxb3 a6 16. Be2 Qc7 17. Bf4 g6 18. Bg5+ Ke8 19. Rac1 Qb8 20. Qa4+ Rc6
21. Rxc6 1-0

[Event "Tournoi francophone 016 Groupe G"]
[Site "Skype"]
[Date "????.??.??"]
[Round "9.4"]
[White "Maccaferri, Massimo"]
[Black "Abate, Luigi"]
[Result "1/2-1/2"]
[WhiteElo "1074"]
[BlackElo "1156"]
[PlyCount "159"]

1. e4 e5 2. Bc4 Bc5 3. Qh5 g6 4. Qxe5+ Qe7 5. Qxh8 Qf8 6. Nf3 h6 7. Ne5 d6 8.
Bxf7+ Kd8 9. Bxg8 Qxf2+ 10. Kd1 Bg4+ 11. Nf3 Bxf3+ 12. gxf3 Qxf3+ 13. Ke1 Qxh1+
14. Ke2 Qxe4+ 15. Kf1 Qd4 16. Be6+ Ke7 17. Qxd4 Bxd4 18. Bd5 c6 19. Be4 Nd7 20.
Bxg6 Rf8+ 21. Ke2 Ne5 22. Bh5 Rf5 23. c3 Bb6 24. d4 Rxh5 25. dxe5 dxe5 26. Be3
Rxh2+ 27. Kd3 Rh3 28. Nd2 Bxe3 29. Kc2 Bxd2 30. Kxd2 e4 31. Re1 Rh4 32. Ke3 Ke6
33. Rf1 Rh3+ 34. Kxe4 Rh4+ 35. Kd3 h5 36. Rf8 Rh2 37. Ra8 h4 38. Rxa7 Rxb2 39.
Ra8 h3 40. Rh8 h2 41. a4 Ra2 42. a5 Kf7 43. c4 Kg7 44. Rh4 Kg6 45. Ke3 Kg5 46.
Rh7 Kg4 47. Rg7+ Kh3 48. Rh7+ Kg3 49. Rg7+ Kh4 50. Rh7+ Kg5 51. Kf3 Ra3+ 52.
Kg2 Ra2+ 53. Kh1 Rxa5 54. Rxh2 Ra4 55. Rc2 Ra5 56. Kg2 b5 57. c5 b4 58. Rb2 Ra4
59. Kf3 Kf5 60. Ke3 Ke5 61. Rd2 b3 62. Rb2 Ra3 63. Kd3 Kd5 64. Kc3 Kxc5 65.
Rxb3 Rxb3+ 66. Kxb3 Kb5 67. Kc3 c5 68. Kb3 c4+ 69. Kc3 Kc5 70. Kc2 Kd4 71. Kd2
c3+ 72. Kc2 Kc4 73. Kc1 Kd3 74. Kd1 Kc4 75. Kc1 Kb3 76. Kb1 Kc4 77. Kc2 Kd4 78.
Kc1 Kd3 79. Kd1 Ke3 80. Kc2 1/2-1/2

[Event "Tournoi francophone 016 Groupe G"]
[Site "Skype"]
[Date "????.??.??"]
[Round "9.5"]
[White "Rodriguez, Nathalie"]
[Black "Colangelo, Michele"]
[Result "1/2-1/2"]
[WhiteElo "1123"]
[BlackElo "1105"]
[PlyCount "97"]

1. d4 d5 2. Bf4 Bf5 3. Nc3 Nf6 4. e3 a6 5. h3 e6 6. Nf3 Nc6 7. a3 Be7 8. Bd3
Bxd3 9. Qxd3 O-O 10. Ne5 Nxe5 11. dxe5 Nd7 12. O-O Nc5 13. Qd1 Bg5 14. Qf3 Bxf4
15. exf4 c6 16. Qe3 Nd7 17. Ne2 f6 18. Rfd1 fxe5 19. fxe5 Qe7 20. b3 Qc5 21.
Qxc5 Nxc5 22. Nf4 Rxf4 23. g3 Rf5 24. Re1 Ne4 25. Re2 Rxe5 26. Re3 Rf8 27. Rf1
Nd2 28. Rxe5 Nxf1 29. Kxf1 Re8 30. f4 b5 31. Kf2 Re7 32. Ke3 h6 33. Kd4 Kh7 34.
Kc5 Kg6 35. Kxc6 Re8 36. Kb6 Rc8 37. Rxe6+ Kf5 38. Re5+ Kg6 39. Rxd5 Rxc2 40.
Kxa6 Rc3 41. Rxb5 Rxg3 42. a4 Kf7 43. Kb6 Rg6+ 44. Kb7 Re6 45. a5 Re7+ 46. Kb6
Re6+ 47. Kb7 Re7+ 48. Kb6 Re6+ 49. Kb7 1/2-1/2